000 00292nam a22001337a 4500
008 170614b xxu||||| |||| 00| 0 eng d
020 _a9780205697984
041 _aeng
080 _218TH
_a328
100 _a19
101 _aSHP
245 _aAMERICAN GOVERNMENT
_cWOLL,P
942 _2udc
_cBK
999 _c17402
_d17402